The Entrepreneurial Society (Record no. 33436)
[ view plain ]
| 000 -LEADER | |
|---|---|
| fixed length control field | 00528nam a2200121Ia 4500 |
| 008 - FIXED-LENGTH DATA ELEMENTS--GENERAL INFORMATION | |
| fixed length control field | 220620s9999||||xx |||||||||||||| ||und|| |
| 100 ## - MAIN ENTRY--PERSONAL NAME | |
| Personal name | Elert, Niklas||Henrekson, Magnus||Sanders, Mark |
| 245 #4 - TITLE STATEMENT | |
| Title | The Entrepreneurial Society |
| Remainder of title | A Reform Strategy for the European Union |
| 546 ## - LANGUAGE NOTE | |
| Language note | English[eng] |
| 650 ## - SUBJECT ADDED ENTRY--TOPICAL TERM | |
| Topical term or geographic name entry element | Business||Management science||Entrepreneurship||Economic policy||Evolutionary economics||Labor economics||Capital market |
| 856 ## - ELECTRONIC LOCATION AND ACCESS | |
| Uniform Resource Identifier | <a href="https://library.oapen.org/bitstream/20.500.12657/23115/1/1007041.pdf">https://library.oapen.org/bitstream/20.500.12657/23115/1/1007041.pdf</a> |
| 942 ## - ADDED ENTRY ELEMENTS (KOHA) | |
| Koha item type | E-Books |
| Withdrawn status | Lost status | Damaged status | Not for loan | Home library | Current library | Date acquired | Total Checkouts | Date last seen | Price effective from | Koha item type |
|---|---|---|---|---|---|---|---|---|---|---|
| Kerala University of Digital Sciences, Innovation and Technology Knowledge Centre | Kerala University of Digital Sciences, Innovation and Technology Knowledge Centre | 20/06/2022 | 20/06/2022 | 20/06/2022 | E-Books |